High performance organizations : HR practices (Record no. 181568)

MARC details
000 -LEADER
fixed length control field 00424nam a2200169Ia 4500
008 - FIXED-LENGTH DATA ELEMENTS--GENERAL INFORMATION
fixed length control field 231217s9999 xx 000 0 und d
020 ## - INTERNATIONAL STANDARD BOOK NUMBER
International Standard Book Number 817881594X
041 ## - LANGUAGE CODE
Language code of text/sound track or separate title English
082 ## - DEWEY DECIMAL CLASSIFICATION NUMBER
Classification number 658.314 RAJ;1 R
100 ## - MAIN ENTRY--PERSONAL NAME
Personal name Raju, P V L ed.
245 #0 - TITLE STATEMENT
Title High performance organizations : HR practices
250 ## - EDITION STATEMENT
Edition statement 1st ed.
260 ## - PUBLICATION, DISTRIBUTION, ETC.
Date of publication, distribution, etc. 2005
Name of publisher, distributor, etc. ICFAI Press
Place of publication, distribution, etc. Hyderabad
300 ## - PHYSICAL DESCRIPTION
Extent vii, 198
650 ## - SUBJECT ADDED ENTRY--TOPICAL TERM
Topical term or geographic name entry element ICFAI
942 ## - ADDED ENTRY ELEMENTS (KOHA)
Koha item type Books
Holdings
Date last seen Total checkouts Full call number Accession number Uniform resource identifier Cost, total (INR) price Price effective from Category Lost status Damaged status Department Withdrawn status Home library Current library Shelving location Entry date Vendor Cost, normal purchase price Grants Billnumber Billdate Currency symbol Conversion rate Discount Old discount Public note
26/01/2024   658.314 RAJ;1 R 51283 digital/contents/51283.pdf 125.00 26/01/2024 Books     Central Library   Central Library Central Library Central Library 30/10/2008 ICFAI Press 125.00 MBA ICFAI/108/ICFAI/08-09/BLR 13/11/2011 RS 1      
26/01/2024   658.314 RAJ;2 R1 66647 digital/contents/51283.pdf 38.00 26/01/2024 Books     F-Block Annex   Central Library Central Library F-Block Library Annex 28/10/2010 ICFAI Press 38.00 MBA 1993 28/10/2014 RS 1     66647
26/01/2024   658.314 RAJ;3 66648 digital/contents/51283.pdf 38.00 26/01/2024 Books     Central Library   Central Library Central Library Central Library 28/10/2010 ICFAI Press 38.00 MBA 1993 28/10/2014 RS 1     66648

© For any Suggestions or Query, please contact the library staff @ librarian@pes.edu or Phone: +9180 2672 1983/ 2108.